zpět

Detail výsledku týmu

Trojka, Brno

Datum a čas kvízu

24 Celkem bodů Celkový počet nahraných bodů na tomto kvízu bez doplňovacích otázek.
6. Pořadí na kvízu Konečné umístění týmu na tomto kvízu.

Zaznamenané odpovědi

# Otázka Odpověď Body Výsledky
1. Který obchodní řetězec minulý... Billa 0
2. Na obrázku můžete vidět Leonor... za lososa 0
3. Jak se jmenuje nový film Dana... Neporazitelní 0
4. Relativně málo známý Portrét E... Gustav Klimt 1
5. Turecký fotbalista Kerem Aktur... Harry Potter 0
6. Za půl bodu uveďte název ameri... Bratrstvo neohrožených/Band of Brothers; Richard „Dick“ Winters 0.5
7. Seřaďte následující vojenské h... 1C 2A 3B 4D 0
8. Po půl bodu uveďte jméno inter... Karel Kryl; Píseň neznámého vojína 0.5
9. Jednotka českých a slovenských... o Francii 0
10. Ve kterém satirickém románu vy... Hlava XXII (Catch-22) 0